[Event "Hessenliga 1819"]
[Site "Hessen"]
[Date "2019.05.12"]
[Round "9.4"]
[White "Diez, Gerhard"]
[Black "Bosbach, Gerhard"]
[Result "1/2-1/2"]
[WhiteElo "1984"]
[BlackElo "2129"]
[PlyCount "165"]
[EventDate "2018.09.23"]
[EventType "team-tourn"]
[EventRounds "9"]
[EventCountry "GER"]
[SourceTitle "EXT 2020"]
[Source "ChessBase"]
[SourceDate "2019.10.17"]
[SourceVersion "1"]
[SourceVersionDate "2019.10.17"]
[SourceQuality "1"]
[WhiteTeam "Bad Nauheim"]
[BlackTeam "Bensheim"]
[WhiteTeamCountry "GER"]
[BlackTeamCountry "GER"]

1. e4 c5 2. Nf3 Nc6 3. d4 cxd4 4. Nxd4 e6 5. Nc3 Qc7 6. f4 a6 7. Nxc6 Qxc6 8. Bd3 b5 9. 0-0 Bb7 10. Qe2 Nf6 11. e5 b4 12. exf6 bxc3 13. Rb1 gxf6 14. Be3 Rg8 15. Rf2 Bc5 16. Bxc5 Qxc5 17. Be4 Bxe4 18. Qxe4 Ke7 19. bxc3 f5 20. Qd4 Rac8 21. Rb7 Qxd4 22. cxd4 Rc4 23. Rd2 Rgc8 24. d5 Rxc2 25. d6+ Kf6 26. Rxc2 Rxc2 27. Rxd7 Rxa2 28. Ra7 a5 29. Ra8 Rd2 30. Rxa5 Rxd6 31. Kf2 Rd4 32. Kf3 Kg6 33. Ra7 h5 34. h4 Rd6 35. Ra8 f6 36. Rg8+ Kh7 37. Re8 Kg7 38. Re7+ Kg6 39. Re8 Ra6 40. Rg8+ Kh7 41. Re8 Kg7 42. Re7+ Kg6 43. Re8 Ra3+ 44. Kf2 Ra4 45. Kf3 Re4 46. Rg8+ Kh7 47. Re8 e5 48. fxe5 Rxe5 49. Ra8 Re4 50. g3 Rg4 51. Ra1 Kg6 52. Ra2 f4 53. gxf4 Rxh4 54. Ra5 Rh3+ 55. Kg2 Rb3 56. Rc5 h4 57. Ra5 Rg3+ 58. Kf2 f5 59. Rb5 Rg4 60. Kf3 h3 61. Rb8 Rh4 62. Rg8+ Kf6 63. Rg1 Ke6 64. Rh1 Kd5 65. Rd1+ Ke6 66. Rh1 Rh5 67. Kg3 Kd5 68. Kf3 Kd4 69. Rd1+ Kc3 70. Rh1 Kd2 71. Rh2+ Kd3 72. Rh1 h2 73. Rd1+ Kc2 74. Rh1 Kd2 75. Kg3 Ke2 76. Rxh2+ Rxh2 77. Kxh2 Kf3 78. Kg1 Kxf4 79. Kf2 Ke4 80. Ke2 f4 81. Kf2 f3 82. Kf1 Ke3 83. Ke1 1/2-1/2

[Event "Hessenliga 1819"]
[Site "Hessen"]
[Date "2019.02.17"]
[Round "6.4"]
[White "Bosbach, Gerhard"]
[Black "Kraft, Wolfgang"]
[Result "1/2-1/2"]
[WhiteElo "2129"]
[BlackElo "2134"]
[PlyCount "89"]
[EventDate "2018.09.23"]
[EventType "team-tourn"]
[EventRounds "9"]
[EventCountry "GER"]
[SourceTitle "EXT 2020"]
[Source "ChessBase"]
[SourceDate "2019.10.17"]
[SourceVersion "1"]
[SourceVersionDate "2019.10.17"]
[SourceQuality "1"]
[WhiteTeam "Bensheim"]
[BlackTeam "Dettingen"]
[WhiteTeamCountry "GER"]
[BlackTeamCountry "GER"]

1. c4 e5 2. g3 Nf6 3. Bg2 Bc5 4. Nc3 0-0 5. d3 d6 6. Nf3 c6 7. 0-0 a5 8. a3 h6 9. Rb1 Re8 10. b4 axb4 11. axb4 Bb6 12. e4 Nbd7 13. h3 Nf8 14. Nh4 Be6 15. Bb2 Bd4 16. Nf3 Bb6 17. Ra1 Qd7 18. Kh2 Ng6 19. Qe2 Rf8 20. Rxa8 Rxa8 21. Ra1 Qc8 22. Na4 Bc7 23. d4 b5 24. cxb5 cxb5 25. dxe5 Bc4 26. Qc2 dxe5 27. Nxe5 Bxe5 28. Bxe5 Rxa4 29. Rxa4 bxa4 30. Bxf6 gxf6 31. Qxa4 Qb8 32. Qc6 Qxb4 33. Qxf6 Qe7 34. Qd4 Ba6 35. f4 Bb7 36. Qd3 Qc7 37. h4 Nf8 38. Qe3 Qc6 39. g4 Ne6 40. Qg3 Nc5 41. e5 Qxg2+ 42. Qxg2 Bxg2 43. Kxg2 Kg7 44. h5 f6 45. exf6+ 1/2-1/2

[Event "Hessenliga 1819"]
[Site "Hessen"]
[Date "2018.11.18"]
[Round "3.4"]
[White "Merkle, Egon"]
[Black "Bosbach, Gerhard"]
[Result "1-0"]
[WhiteElo "2160"]
[BlackElo "2129"]
[PlyCount "67"]
[EventDate "2018.09.23"]
[EventType "team-tourn"]
[EventRounds "9"]
[EventCountry "GER"]
[SourceTitle "EXT 2020"]
[Source "ChessBase"]
[SourceDate "2019.10.17"]
[SourceVersion "1"]
[SourceVersionDate "2019.10.17"]
[SourceQuality "1"]
[WhiteTeam "Bad Homburg"]
[BlackTeam "Bensheim"]
[WhiteTeamCountry "GER"]
[BlackTeamCountry "GER"]

1. Nf3 d5 2. c4 c6 3. cxd5 cxd5 4. d4 Nc6 5. Nc3 Nf6 6. Bf4 Bf5 7. e3 e6 8. Qb3 Bb4 9. Be2 0-0 10. 0-0 Qe7 11. Rfc1 Rac8 12. Nd2 a6 13. a3 Ba5 14. Qd1 Bc7 15. Bxc7 Rxc7 16. Na4 Nd7 17. Nb3 Rfc8 18. Nbc5 Nxc5 19. Rxc5 b5 20. Rac1 Nxd4 21. exd4 bxa4 22. Qxa4 Rxc5 23. dxc5 h6 24. c6 e5 25. Bxa6 Rc7 26. Qb4 Qg5 27. f4 exf4 28. h4 Qg3 29. Qc3 Qxh4 30. Qe5 Qg3 31. Rc3 Qh4 32. Qxf5 Re7 33. c7 Re1+ 34. Bf1 1-0

[Event "Hessenliga 1819"]
[Site "Hessen"]
[Date "2018.11.04"]
[Round "2.4"]
[White "Bosbach, Gerhard"]
[Black "Heck, Norbert"]
[Result "1/2-1/2"]
[WhiteElo "2129"]
[BlackElo "2215"]
[PlyCount "135"]
[EventDate "2018.09.23"]
[EventType "team-tourn"]
[EventRounds "9"]
[EventCountry "GER"]
[SourceTitle "EXT 2020"]
[Source "ChessBase"]
[SourceDate "2019.10.17"]
[SourceVersion "1"]
[SourceVersionDate "2019.10.17"]
[SourceQuality "1"]
[WhiteTeam "Bensheim"]
[BlackTeam "Neuberg II"]
[WhiteTeamCountry "GER"]
[BlackTeamCountry "GER"]

1. c4 Nf6 2. g3 g6 3. Bg2 Bg7 4. Nc3 0-0 5. d4 c6 6. e4 d6 7. Nf3 Qa5 8. Qe2 e5 9. 0-0 exd4 10. Nxd4 Re8 11. Rd1 Nbd7 12. Bf4 Ne5 13. Rac1 Bd7 14. h3 Rad8 15. b3 Bc8 16. Qd2 c5 17. Nf3 Bxh3 18. Bxe5 dxe5 19. Nd5 Qxd2 20. Nxd2 Bg4 21. f3 Bc8 22. Nf1 Nxd5 23. cxd5 b6 24. Ne3 f5 25. Bf1 Bh6 26. Rc3 fxe4 27. fxe4 Bxe3+ 28. Rxe3 Rf8 29. Be2 Rd6 30. a3 Bd7 31. Rc1 a5 32. Rf1 Rxf1+ 33. Kxf1 Rf6+ 34. Kg2 Kf8 35. b4 cxb4 36. axb4 Ke7 37. bxa5 bxa5 38. Rb3 Rf8 39. Rb7 Kd6 40. Ra7 a4 41. Bd1 Bb5 42. Bxa4 Bd3 43. Rd7+ Kc5 44. Bc2 Bxc2 45. Rc7+ Kd4 46. Rxc2 Kxe4 47. d6 Rd8 48. Rc7 h5 49. d7 g5 50. Ra7 g4 51. Kf2 Rf8+ 52. Ke2 Rb8 53. Ra2 Rd8 54. Ra7 Kf5 55. Ke3 Ke6 56. Ra6+ Kxd7 57. Rh6 Ra8 58. Ke4 Ke7 59. Kxe5 Kf7 60. Kf4 Ra5 61. Rb6 Ra3 62. Kg5 Rxg3 63. Kxh5 Rg1 64. Kh4 Kg7 65. Rb4 g3 66. Rg4+ Kf6 67. Rxg3 Rxg3 68. Kxg3 1/2-1/2

[Event "WchT Seniors 65"]
[Site "Dresden"]
[Date "2018.07.10"]
[Round "4.2"]
[White "Karasev, Vladimir I"]
[Black "Bosbach, Gerhard"]
[Result "1-0"]
[WhiteElo "2337"]
[BlackElo "2119"]
[PlyCount "81"]
[EventDate "2018.07.07"]
[EventType "team-swiss"]
[EventRounds "9"]
[EventCountry "GER"]
[SourceTitle "CBM 185 Extra"]
[Source "ChessBase"]
[SourceDate "2018.07.29"]
[SourceVersion "1"]
[SourceVersionDate "2018.07.29"]
[SourceQuality "1"]
[WhiteTeam "St Petersburg"]
[BlackTeam "Hessische Musketiere"]
[WhiteTeamCountry "RUS"]
[BlackTeamCountry "GER"]

1. Nf3 Nf6 2. g3 d5 3. Bg2 Bg4 4. c4 Bxf3 5. Bxf3 c6 6. cxd5 Nxd5 7. d4 e6 8. e4 Bb4+ 9. Kf1 Nf6 10. Qb3 Qe7 11. Bg5 h6 12. Bxf6 Qxf6 13. Bh5 Qe7 14. Nc3 0-0 15. Kg2 Nd7 16. a3 Bxc3 17. bxc3 b6 18. a4 e5 19. Rhe1 c5 20. dxe5 Nxe5 21. Be2 Rad8 22. Rad1 Rxd1 23. Rxd1 Rd8 24. Rd5 Nc6 25. Rxd8+ Nxd8 26. Qd5 Ne6 27. e5 g6 28. f4 Nd8 29. Kf3 Kf8 30. Ba6 Ne6 31. Bc4 Nc7 32. Qd6 Ne8 33. Qd5 Nc7 34. Qc6 Qd8 35. Qd6+ Qe7 36. Ke4 Ke8 37. Bb5+ Kf8 38. g4 a6 39. Bd7 f5+ 40. gxf5 gxf5+ 41. Bxf5 1-0

[Event "Ortisei Server24 op 4th"]
[Site "Ortisei"]
[Date "2018.06.18"]
[Round "3"]
[White "Bosbach, Gerhard"]
[Black "Volkov, Dmitriy"]
[Result "0-1"]
[WhiteElo "2161"]
[BlackElo "2334"]
[PlyCount "76"]
[EventDate "2018.06.16"]
[EventType "tourn"]
[EventRounds "9"]
[EventCountry "ITA"]
[SourceTitle "CBM 185 Extra"]
[Source "ChessBase"]
[SourceDate "2018.07.29"]
[SourceVersion "1"]
[SourceVersionDate "2018.07.29"]
[SourceQuality "1"]

1. d4 Nf6 2. c4 g6 3. Nc3 Bg7 4. e4 d6 5. Be2 0-0 6. Bg5 Na6 7. Qd2 e5 8. d5 Qe8 9. Bh6 Nc5 10. Bxg7 Kxg7 11. f3 a5 12. h4 Qe7 13. Bd3 Bd7 14. Nge2 c6 15. Bc2 cxd5 16. cxd5 b5 17. h5 b4 18. Nd1 Ng8 19. hxg6 fxg6 20. Nf2 Bb5 21. Nd3 Bxd3 22. Bxd3 Rf7 23. 0-0-0 Nxd3+ 24. Qxd3 Qg5+ 25. Kb1 Qxg2 26. f4 exf4 27. Nd4 Nf6 28. Nf5+ Kf8 29. Nxd6 Rd7 30. e5 Ng4 31. Rhf1 Nxe5 32. Rxf4+ Kg8 33. Qe3 Rxd6 34. Qxe5 Rad8 35. Qe7 Rc8 36. Qf7+ Kh8 37. Rf2 Qe4+ 38. Ka1 Qxd5 0-1

[Event "Ortisei Server24 op 4th"]
[Site "Ortisei"]
[Date "2018.06.17"]
[Round "2"]
[White "Bianco, Valerio"]
[Black "Bosbach, Gerhard"]
[Result "0-1"]
[WhiteElo "2038"]
[BlackElo "2161"]
[PlyCount "72"]
[EventDate "2018.06.16"]
[EventType "tourn"]
[EventRounds "9"]
[EventCountry "ITA"]
[SourceTitle "CBM 185 Extra"]
[Source "ChessBase"]
[SourceDate "2018.07.29"]
[SourceVersion "1"]
[SourceVersionDate "2018.07.29"]
[SourceQuality "1"]

1. d4 Nf6 2. Bf4 e6 3. e3 c5 4. c3 d5 5. Nf3 Nc6 6. Nbd2 Be7 7. Ne5 Nxe5 8. dxe5 Nd7 9. Bd3 a6 10. h4 h5 11. Nf3 Nf8 12. Qe2 Bd7 13. Rd1 Qa5 14. a3 Bb5 15. 0-0 Bxd3 16. Qxd3 Qb5 17. Qc2 Ng6 18. Bg3 Qc4 19. Rfe1 Rd8 20. e4 d4 21. Nd2 Qb5 22. Nf3 d3 23. Qb1 c4 24. Qa2 Qc5 25. a4 b5 26. b3 0-0 27. b4 Qb6 28. axb5 axb5 29. Qd2 Ra8 30. Ra1 Qb7 31. Ng5 Rxa1 32. Rxa1 Ra8 33. Qd1 Rxa1 34. Qxa1 Bxg5 35. hxg5 h4 36. Bh2 Qxe4 0-1

[Event "Ortisei Server24 op 4th"]
[Site "Ortisei"]
[Date "2018.06.16"]
[Round "1"]
[White "Bosbach, Gerhard"]
[Black "Tarlev, Konstantin"]
[Result "0-1"]
[WhiteElo "2161"]
[BlackElo "2552"]
[PlyCount "64"]
[EventDate "2018.06.16"]
[EventType "tourn"]
[EventRounds "9"]
[EventCountry "ITA"]
[SourceTitle "CBM 185 Extra"]
[Source "ChessBase"]
[SourceDate "2018.07.29"]
[SourceVersion "1"]
[SourceVersionDate "2018.07.29"]
[SourceQuality "1"]

1. d4 Nf6 2. c4 e6 3. Nc3 Bb4 4. Qc2 c5 5. Nf3 cxd4 6. Nxd4 Qb6 7. e3 Nc6 8. a3 Be7 9. Nf3 d5 10. Be2 0-0 11. 0-0 dxc4 12. Bxc4 Bd7 13. e4 Rac8 14. Be3 Qc7 15. Qd2 Rfd8 16. Ba2 Be8 17. Qc1 Ng4 18. Bf4 Bd6 19. Bxd6 Qxd6 20. Qg5 Nge5 21. Nxe5 Nxe5 22. Rad1 Qc7 23. h3 Nd3 24. Rd2 h6 25. Qg4 Nxb2 26. Rxb2 Qxc3 27. Rxb7 Qxa3 28. Bxe6 Rc1 29. Rxc1 Qxc1+ 30. Kh2 Qc6 31. Bxf7+ Bxf7 32. Rxa7 Qb6 0-1

[Event "WchT Seniors 50"]
[Site "Radebeul"]
[Date "2016.07.02"]
[Round "7.7"]
[White "Bosbach, Gerhard"]
[Black "Seyb, Dieter"]
[Result "1-0"]
[WhiteElo "2217"]
[BlackElo "2265"]
[PlyCount "71"]
[EventDate "2016.06.26"]
[EventType "team-swiss"]
[EventRounds "9"]
[EventCountry "GER"]
[SourceTitle "CBM 173 Extra"]
[Source "ChessBase"]
[SourceDate "2016.08.29"]
[SourceVersion "1"]
[SourceVersionDate "2016.08.29"]
[SourceQuality "1"]
[WhiteTeam "Hessen Seniors"]
[BlackTeam "Forchheim"]
[WhiteTeamCountry "GER"]
[BlackTeamCountry "GER"]

1. d4 Nf6 2. c4 g6 3. Nc3 d5 4. Nf3 Bg7 5. Bg5 Ne4 6. Bf4 Nxc3 7. bxc3 c5 8. cxd5 Qxd5 9. e3 0-0 10. Be2 Nc6 11. 0-0 cxd4 12. cxd4 b6 13. Qa4 Bb7 14. Ba6 Qa5 15. Qxa5 Nxa5 16. Bxb7 Nxb7 17. Rac1 Rfc8 18. a4 Kf8 19. g4 Ke8 20. h4 Bf6 21. h5 gxh5 22. g5 Bg7 23. Kg2 Kd7 24. Rxc8 Rxc8 25. Rh1 Nd6 26. Rxh5 Rc4 27. Rxh7 Ne8 28. Rxg7 Nxg7 29. Ne5+ Ke6 30. Nxc4 Kd5 31. Nd2 Ne6 32. Kf3 a6 33. Kg4 b5 34. axb5 axb5 35. Be5 Nd8 36. e4+ 1-0

[Event "WchT Seniors 50"]
[Site "Radebeul"]
[Date "2016.07.01"]
[Round "6.10"]
[White "Giulian Jackson, Rosemary"]
[Black "Bosbach, Gerhard"]
[Result "1/2-1/2"]
[WhiteElo "1864"]
[BlackElo "2217"]
[PlyCount "41"]
[EventDate "2016.06.26"]
[EventType "team-swiss"]
[EventRounds "9"]
[EventCountry "GER"]
[SourceTitle "CBM 173 Extra"]
[Source "ChessBase"]
[SourceDate "2016.08.29"]
[SourceVersion "1"]
[SourceVersionDate "2016.08.29"]
[SourceQuality "1"]
[WhiteTeam "Scotland"]
[BlackTeam "Hessen Seniors"]
[WhiteTeamCountry "SCO"]
[BlackTeamCountry "GER"]

1. e4 c5 2. c3 Nf6 3. e5 Nd5 4. d4 e6 5. Nf3 cxd4 6. cxd4 Nc6 7. Bc4 d6 8. 0-0 dxe5 9. dxe5 Be7 10. Qe2 a6 11. a3 b5 12. Bd3 Bb7 13. Nc3 Nxc3 14. bxc3 Na5 15. Nd4 Rc8 16. Rd1 Bd5 17. a4 0-0 18. axb5 axb5 19. Nxb5 Nc4 20. Bf4 Bg5 21. Qh5 1/2-1/2

[Event "GER-chT Seniors 24th"]
[Site "Berlin"]
[Date "2015.09.09"]
[Round "4.3"]
[White "Bosbach, Gerhard"]
[Black "Herbrechtsmeier, Christof"]
[Result "1/2-1/2"]
[WhiteElo "2204"]
[BlackElo "2275"]
[PlyCount "29"]
[EventDate "2015.09.06"]
[EventType "team-swiss"]
[EventRounds "7"]
[EventCountry "GER"]
[SourceTitle "EXT 2018"]
[Source "ChessBase"]
[SourceDate "2017.10.13"]
[SourceVersion "1"]
[SourceVersionDate "2017.10.13"]
[SourceQuality "1"]

1. c4 Nf6 2. g3 g6 3. Bg2 d5 4. cxd5 Nxd5 5. Nc3 Nxc3 6. bxc3 Bg7 7. Rb1 Nd7 8. Qc2 Nb6 9. c4 0-0 10. Bb2 e5 11. d3 Rb8 12. Nf3 Re8 13. 0-0 Bd7 14. Nd2 Bg4 15. Ne4 1/2-1/2

[Event "GER-chT Seniors 24th"]
[Site "Berlin"]
[Date "2015.09.08"]
[Round "3.3"]
[White "Adibekian, Roubik"]
[Black "Bosbach, Gerhard"]
[Result "1/2-1/2"]
[WhiteElo "2210"]
[BlackElo "2204"]
[PlyCount "182"]
[EventDate "2015.09.06"]
[EventType "team-swiss"]
[EventRounds "7"]
[EventCountry "GER"]
[SourceTitle "EXT 2018"]
[Source "ChessBase"]
[SourceDate "2017.10.13"]
[SourceVersion "1"]
[SourceVersionDate "2017.10.13"]
[SourceQuality "1"]

1. d4 Nf6 2. Nf3 e6 3. c4 b6 4. g3 Bb7 5. Bg2 Be7 6. 0-0 0-0 7. Nc3 d6 8. Qc2 Nbd7 9. Rd1 c5 10. e4 cxd4 11. Nxd4 Qb8 12. b3 a6 13. Bb2 Rd8 14. Rd2 Qc7 15. Rc1 Rac8 16. h3 Qb8 17. Qd1 Qa8 18. Qe2 Bf8 19. Re1 Ne5 20. f4 Nc6 21. Na4 Nd7 22. Kh2 Qb8 23. Nf3 Ba8 24. Nc3 Na7 25. Red1 b5 26. cxb5 Nxb5 27. Nxb5 axb5 28. Nd4 b4 29. Nc2 Rc6 30. Rd4 Rb6 31. Qd2 Nf6 32. Nxb4 d5 33. Nc2 Rc8 34. exd5 Bxd5 35. Ne3 Rbc6 36. Nxd5 Nxd5 37. Qe2 Bb4 38. Rc4 Rxc4 39. bxc4 Nc3 40. Bxc3 Bxc3 41. Qd3 Ba5 42. Rb1 Qa7 43. Qa3 Qc7 44. c5 g5 45. Rb5 Bd2 46. fxg5 Bxg5 47. Qf3 Qe5 48. Rb7 Bf6 49. c6 Kg7 50. a4 Rc7 51. Rb5 Qd4 52. Qb3 Be5 53. Rb4 Qf2 54. Rg4+ Kf6 55. Qf3+ Qxf3 56. Bxf3 Ra7 57. Rc4 Ke7 58. Kg2 Bc7 59. g4 Ra5 60. Be4 h6 61. Kf3 Re5 62. Bd3 Kd6 63. Rf4 f5 64. gxf5 exf5 65. Bxf5 Kxc6 66. Be4+ Kd6 67. Rf6+ Re6 68. Rf5 Re5 69. Rf8 Ke7 70. Rh8 Re6 71. Ra8 Re5 72. Ra6 Ra5 73. Rc6 Bd6 74. Rc4 Rc5 75. Rd4 Be5 76. Rb4 Bc7 77. Bd3 Kf6 78. h4 Ba5 79. Rg4 Bd2 80. Ke2 Bc1 81. Rg6+ Ke5 82. Ra6 Kd4 83. Bg6 Bf4 84. Bd3 Rh5 85. Bb5 Kc3 86. Rb6 Kb3 87. a5 Kb4 88. a6 Ka5 89. a7 Kxb6 90. a8Q Rxb5 91. h5 Bc7 1/2-1/2

[Event "GER-chT Seniors 24th"]
[Site "Berlin"]
[Date "2015.09.07"]
[Round "2.3"]
[White "Bosbach, Gerhard"]
[Black "Seyfried, Claus"]
[Result "1-0"]
[WhiteElo "2204"]
[BlackElo "2159"]
[PlyCount "83"]
[EventDate "2015.09.06"]
[EventType "team-swiss"]
[EventRounds "7"]
[EventCountry "GER"]
[SourceTitle "EXT 2018"]
[Source "ChessBase"]
[SourceDate "2017.10.13"]
[SourceVersion "1"]
[SourceVersionDate "2017.10.13"]
[SourceQuality "1"]
[WhiteTeam "Hessen Seniors"]
[BlackTeam "Wuerttemberg Seniors"]
[WhiteTeamCountry "GER"]
[BlackTeamCountry "GER"]

1. d4 d5 2. c4 e6 3. Nf3 c6 4. e3 Bd6 5. Nc3 f5 6. Rb1 Nf6 7. b4 0-0 8. c5 Bc7 9. Be2 Nbd7 10. Ng5 Qe7 11. f4 Ne4 12. Ngxe4 fxe4 13. h4 b6 14. Na4 b5 15. Nc3 a5 16. a3 Bb7 17. g4 Kh8 18. Kd2 Rf7 19. Kc2 Raf8 20. Qg1 Bc8 21. Bd2 Nb8 22. g5 Na6 23. Bh5 g6 24. Bg4 Kg8 25. h5 Rg7 26. Ne2 a4 27. Rh3 Kf7 28. Qh2 Ke8 29. Rh1 Kd8 30. Rh4 Bd7 31. hxg6 hxg6 32. Nc3 Be8 33. Nd1 Nb8 34. Be1 Nd7 35. Bg3 Kc8 36. Qh3 Bf7 37. Nf2 Kb7 38. Be2 Bb8 39. Ng4 Bc7 40. Nh6 Ka7 41. f5 Bxg3 42. Qxg3 1-0

[Event "GER CupT"]
[Site "Germany"]
[Date "2011.01.23"]
[Round "2.1"]
[White "Bosbach, Gerhard"]
[Black "Fecht, Hans Peter"]
[Result "1-0"]
[WhiteElo "2191"]
[BlackElo "2207"]
[PlyCount "111"]
[EventDate "2011.01.22"]
[EventType "team-k.o."]
[EventRounds "6"]
[EventCountry "GER"]
[SourceTitle "EXT 2016"]
[Source "ChessBase"]
[SourceDate "2015.10.08"]
[SourceVersion "1"]
[SourceVersionDate "2015.10.08"]
[SourceQuality "1"]
[WhiteTeam "Bensheim"]
[BlackTeam "Neustadt Post"]
[WhiteTeamCountry "GER"]
[BlackTeamCountry "GER"]

1. d4 d5 2. c4 c6 3. Nc3 Nf6 4. Nf3 a6 5. e3 e6 6. Bd3 dxc4 7. Bxc4 b5 8. Bb3 Nbd7 9. 0-0 Be7 10. Qe2 Bb7 11. Rd1 0-0 12. e4 Qb8 13. Bg5 h6 14. Bh4 Re8 15. Rac1 Qa7 16. e5 Nd5 17. Ne4 Bf8 18. Nd6 Bxd6 19. exd6 f6 20. Re1 Rad8 21. Bxd5 cxd5 22. Rc7 Qb6 23. Qc2 Nf8 24. Bg3 Rc8 25. h3 Rxc7 26. dxc7 Qc6 27. Qd2 Qd7 28. Rc1 Ng6 29. Qa5 Ne7 30. Qb6 Bc8 31. Bd6 Nf5 32. Rc6 h5 33. h4 Nh6 34. Bf4 Nf7 35. Rc1 Re7 36. Re1 Re8 37. Qc5 g6 38. Re2 Kg7 39. Qc3 Rh8 40. Ne1 Re8 41. Nd3 Kh7 42. Re1 Re7 43. Rc1 Qe8 44. Re1 Kh8 45. Nc5 Kh7 46. Nd3 Kh8 47. b4 Kh7 48. a3 Kh8 49. Nc5 Kh7 50. Nd3 Kh8 51. Qc5 Kg7 52. Bg3 Kh7 53. Qb6 Kg7 54. Qc5 Kh7 55. Nf4 Bb7 56. Nxd5 1-0

[Event "Hessenliga 0809"]
[Site "Germany"]
[Date "2009.01.25"]
[Round "6.1"]
[White "Elstner, Eik"]
[Black "Bosbach, Gerhard"]
[Result "1/2-1/2"]
[WhiteElo "2168"]
[BlackElo "2196"]
[PlyCount "67"]
[EventDate "2008.09.14"]
[EventType "team-tourn"]
[EventRounds "9"]
[EventCountry "GER"]
[SourceTitle "EXT 2011"]
[Source "ChessBase"]
[SourceDate "2010.11.26"]
[SourceVersion "1"]
[SourceVersionDate "2010.11.26"]
[SourceQuality "1"]
[WhiteTeam "Eppstein"]
[BlackTeam "Bensheim"]
[WhiteTeamCountry "GER"]
[BlackTeamCountry "GER"]

1. d4 Nf6 2. Nf3 d5 3. c4 c6 4. Nc3 a6 5. cxd5 cxd5 6. Bf4 e6 7. e3 Be7 8. h3 0-0 9. Bd3 Nc6 10. 0-0 Bd7 11. Rc1 Ne8 12. a3 f5 13. Na4 b6 14. Ne5 Nxe5 15. Bxe5 Nd6 16. Qb3 Bxa4 17. Qxa4 b5 18. Qb3 Nc4 19. Rfd1 Bd6 20. Bxd6 Qxd6 21. Qa2 Rfc8 22. a4 Qb4 23. b3 Na5 24. Rxc8+ Rxc8 25. axb5 axb5 26. Ra1 Qxb3 27. Qxa5 Qxd3 28. Qa6 Re8 29. Qb7 f4 30. Ra7 Qb1+ 31. Kh2 Qg6 32. exf4 Rf8 33. Qxb5 Rxf4 34. Ra8+ 1/2-1/2

[Event "Oberliga Baden 0203"]
[Site "Germany"]
[Date "2003.01.26"]
[Round "5.6"]
[White "Bosbach, Gerhard"]
[Black "Hauke, Christian"]
[Result "0-1"]
[WhiteElo "2212"]
[BlackElo "2241"]
[PlyCount "78"]
[EventDate "2002.10.20"]
[EventType "team-tourn"]
[EventRounds "9"]
[EventCountry "GER"]
[SourceTitle "EXT 2018"]
[Source "ChessBase"]
[SourceDate "2017.10.13"]
[SourceVersion "1"]
[SourceVersionDate "2017.10.13"]
[SourceQuality "1"]
[WhiteTeam "Eppingen II"]
[BlackTeam "Bad Mergentheim"]
[WhiteTeamCountry "GER"]
[BlackTeamCountry "GER"]

1. d4 g6 2. c4 Bg7 3. Nc3 c5 4. d5 f5 5. e4 Bxc3+ 6. bxc3 fxe4 7. f3 Nf6 8. fxe4 Qa5 9. Qc2 d6 10. Nf3 Nbd7 11. Bd3 Ne5 12. 0-0 Bg4 13. Bh6 Bxf3 14. gxf3 0-0-0 15. Bg7 Rhg8 16. Bxf6 exf6 17. f4 Nd7 18. Be2 Kb8 19. Kh1 Rde8 20. Rab1 Nb6 21. Rfe1 Rg7 22. Bd3 Rge7 23. Rg1 Rg8 24. Rg3 h6 25. Rbg1 g5 26. h4 Nd7 27. e5 dxe5 28. fxg5 fxg5 29. hxg5 hxg5 30. Rxg5 Rh8+ 31. Kg2 e4 32. Bxe4 Nf6 33. Bf3 Qc7 34. Kf1 Qf4 35. Rf5 Qxc4+ 36. Be2 Qh4 37. d6 Re4 38. d7 Nd5 39. Rf2 Ne3+ 0-1

[Event "Baden OL 0102"]
[Site "Germany"]
[Date "2002.04.28"]
[Round "9.4"]
[White "Nippgen, Georg"]
[Black "Bosbach, Gerhard"]
[Result "1/2-1/2"]
[WhiteElo "2252"]
[BlackElo "2236"]
[PlyCount "120"]
[EventDate "2001.10.07"]
[EventType "team"]
[EventRounds "9"]
[EventCountry "GER"]
[SourceTitle "EXT 2003"]
[Source "ChessBase"]
[SourceDate "2002.11.25"]
[SourceVersion "1"]
[SourceVersionDate "2002.11.25"]
[SourceQuality "1"]
[WhiteTeam "Heidelberg"]
[BlackTeam "Eppingen II"]
[WhiteTeamCountry "GER"]
[BlackTeamCountry "GER"]

1. Nf3 Nf6 2. g3 d5 3. Bg2 Bf5 4. d3 c6 5. b3 h6 6. Bb2 e6 7. Nbd2 Nbd7 8. 0-0 Qa5 9. a3 Be7 10. e4 Bg4 11. e5 Nh7 12. h3 Bh5 13. c4 Ng5 14. d4 dxc4 15. bxc4 Nb6 16. g4 Nxf3+ 17. Bxf3 Bg6 18. c5 Na4 19. Ra2 Bd3 20. Be2 Qb5 21. Bxd3 Qxd3 22. Qxa4 Qxd2 23. Qb3 Rb8 24. Rd1 Qf4 25. Qd3 Qg5 26. Bc1 Qg6 27. Be3 Qxd3 28. Rxd3 Kd7 29. Rb3 Rhf8 30. Rab2 Kc8 31. Kg2 Kc7 32. Kf3 Rh8 33. Ke4 h5 34. Bd2 hxg4 35. Ba5+ Kc8 36. hxg4 Rh1 37. Rf3 f6 38. Rbb3 Kd7 39. Rh3 Rxh3 40. Rxh3 b6 41. Rb3 f5+ 42. Kf3 Kc7 43. cxb6+ axb6 44. Bb4 Rh8 45. Kg3 c5 46. dxc5 bxc5 47. Ba5+ Kc6 48. gxf5 exf5 49. Rb6+ Kd5 50. Rb7 Bh4+ 51. Kf4 g5+ 52. Kxf5 Rf8+ 53. Kg4 Rxf2 54. Bc3 Rg2+ 55. Kh5 Bf2 56. Rd7+ Ke6 57. Rd6+ Ke7 58. Rg6 Bd4 59. Bxd4 cxd4 60. Rd6 Ra2 1/2-1/2

[Event "BL2-Sued 0102"]
[Site "Germany"]
[Date "2002.04.14"]
[Round "8.7"]
[White "Kratochwil, Christian"]
[Black "Bosbach, Gerhard"]
[Result "1-0"]
[WhiteElo "2246"]
[BlackElo "2220"]
[PlyCount "59"]
[EventDate "2001.10.07"]
[EventType "team-tourn"]
[EventRounds "9"]
[EventCountry "GER"]
[SourceTitle "CBM 088 Extra"]
[Source "ChessBase"]
[SourceDate "2002.07.01"]
[SourceVersion "2"]
[SourceVersionDate "2002.07.01"]
[SourceQuality "1"]
[WhiteTeam "Viernheim"]
[BlackTeam "Eppingen"]
[WhiteTeamCountry "GER"]
[BlackTeamCountry "GER"]

1. c4 e5 2. g3 Nf6 3. Bg2 Nc6 4. Nc3 Bb4 5. Nd5 Bc5 6. e3 0-0 7. a3 a5 8. b3 Nxd5 9. cxd5 Nb8 10. Ne2 d6 11. d4 exd4 12. Nxd4 Nd7 13. 0-0 Nf6 14. Bb2 Bg4 15. Qd3 Qd7 16. Nc2 Qe7 17. b4 Bb6 18. e4 Bd7 19. h3 c5 20. dxc6 Bxc6 21. Rae1 Rfd8 22. b5 Bd7 23. a4 Rac8 24. Ne3 Bxe3 25. Rxe3 Be6 26. Rd1 Rd7 27. Ba3 Rcc7 28. e5 Ne8 29. exd6 Qd8 30. Rxe6 1-0